Public administration (Record no. 394514)

MARC details
000 -LEADER
fixed length control field 00548 a2200217 4500
005 - DATE & TIME
control field 20260401115159.0
008 - FIXED-LENGTH DATA ELEMENTS--GENERAL INFORMATION
fixed length control field 260325b |||||||| |||| 00| 0 eng d
020 ## - ISBN
International Standard Book Number 9781041029458
Price Rs. 1195.00
040 ## - CATALOGING SOURCE
Original cataloging agency VIVEKANANDA LIBRARY
082 ## - DDC NUMBER
Classification number 350
Book Number C349P
100 ## - MAIN ENTRY--PERSONAL NAME
Personal name Chakrabarty, Bidyut
245 ## - TITLE STATEMENT
Title Public administration
260 ## - PUBLICATION, DISTRIBUTION, ETC. (IMPRINT)
Name of publisher, distributor, etc Routledge
Date of publication, distribution, etc 2025
Place of publication, distribution, etc London
300 ## - PHYSICAL DESCRIPTION
Pages xi, 602
650 ## - Subject
Subject Civil Service
650 ## - Subject
Subject Public Policy
650 ## - Subject
Subject Bureaucracy
650 ## - Subject
Subject Local Government
700 ## - Added Entry Personal Name
Added Entry Personal Name Kandpal, Prakash Chand
942 ## - ADDED ENTRY ELEMENTS (KOHA)
Koha item type Books
Holdings
Withdrawn status Lost status Source of classification or shelving scheme Damaged status Not for loan Location (home branch) Sublocation or collection (holding branch) Shelving location Date acquired Koha issues (times borrowed) Koha full call number Accession No. Koha date last seen Koha item type
    Dewey Decimal Classification     VIVEKANANDA LIBRARY VIVEKANANDA LIBRARY Vivekananda Library 28/01/2026   350 C349P 444664 28/01/2026 Books
© Designed and Maintained by Vivekananda Library, MDU Rohtak